| 000 | 00636nam a2200241 a 4500 | ||
|---|---|---|---|
| 001 | 0001-1107 | ||
| 003 | ELIB.Books | ||
| 008 | 150123 2010 eng | ||
| 020 | _a157312348X | ||
| 035 | _a(ELIB.Books)0001-1262 | ||
| 092 |
_a286 _bWal |
||
| 100 | _aWalker, J. Brent | ||
| 245 |
_aThe Trophy of Baptist _bWords to Celebrate Religious Liberty |
||
| 260 |
_aGeorgia _bSmyth & Helwys Publishing, Inc. _c2003 |
||
| 300 |
_a120 _c23 Cm |
||
| 500 | _aLibrary | ||
| 650 | _aBaptist | ||
| 856 |
_nKBTS; Library _uKBTS; Elib. |
||
| 942 |
_2ddc _cBK |
||
| 990 | _a1 | ||
| 998 |
_cbat _e2015-01-23 |
||
| 999 |
_c11107 _d11107 |
||